Rapunzel / (Record no. 3259)

MARC details
000 -LEADER
fixed length control field 01793cam a2200529 i 4500
001 - CONTROL NUMBER
control field 3259
003 - CONTROL NUMBER IDENTIFIER
control field FISKH9781447295693
005 - DATE AND TIME OF LATEST TRANSACTION
control field 20240222112819.0
008 - FIXED-LENGTH DATA ELEMENTS--GENERAL INFORMATION
fixed length control field 171011s2016 caua a 000 0 eng d
010 ## - LIBRARY OF CONGRESS CONTROL NUMBER
LC control number 2017295236
020 ## - INTERNATIONAL STANDARD BOOK NUMBER
International Standard Book Number 9781626869004
020 ## - INTERNATIONAL STANDARD BOOK NUMBER
International Standard Book Number 1626869006
020 ## - INTERNATIONAL STANDARD BOOK NUMBER
International Standard Book Number 9781447295693
035 ## - SYSTEM CONTROL NUMBER
System control number (OCoLC)ocn957507754
040 ## - CATALOGING SOURCE
Original cataloging agency BTCTA
Language of cataloging eng
Transcribing agency BTCTA
Description conventions rda
Modifying agency BDX
-- SINLB
-- OCLCO
-- OCLCF
-- NZAUC
-- OCLCO
-- OCL
-- IGA
-- DLC
042 ## - AUTHENTICATION CODE
Authentication code lccopycat
-- lcac
050 00 - LIBRARY OF CONGRESS CALL NUMBER
Classification number PZ8.3
Item number .R1766 2016
082 00 - DEWEY DECIMAL CLASSIFICATION NUMBER
Classification number 398.2
-- E
Edition number 23
100 ## - MAIN ENTRY--PERSONAL NAME
Personal name Taylor, Dan
245 00 - TITLE STATEMENT
Title Rapunzel /
Statement of responsibility, etc. illustrated by Dan Taylor.
260 ## - PUBLICATION, DISTRIBUTION, ETC.
Place of publication, distribution, etc. London :
Name of publisher, distributor, etc. Macmillan,
Date of publication, distribution, etc. 2016
300 ## - PHYSICAL DESCRIPTION
Extent 10 unnumbered pages :
Other physical details color illustrations ;
Dimensions 18 cm.
336 ## - CONTENT TYPE
Content type term text
Source rdacontent
336 ## - CONTENT TYPE
Content type term still image
Source rdacontent
337 ## - MEDIA TYPE
Media type term unmediated
Source rdamedia
338 ## - CARRIER TYPE
Carrier type term volume
Source rdacarrier
490 0# - SERIES STATEMENT
Series statement First stories
500 ## - GENERAL NOTE
General note Cover title.
500 ## - GENERAL NOTE
General note "Push, pull, and slide the scenes to bring the classic tale of Rapunzel to life"--Back cover.
505 ## - FORMATTED CONTENTS NOTE
Formatted contents note N<br/>
520 ## - SUMMARY, ETC.
Summary, etc. Retells, in rhyming text, the story of a girl with long hair who is imprisoned by a witch.
521 8# - TARGET AUDIENCE NOTE
Target audience note 580<br/>
Source Lexile AD <br/>
521 8# - TARGET AUDIENCE NOTE
Target audience note N<br/>
Source Raz-Plus<br/>
650 #0 - SUBJECT ADDED ENTRY--TOPICAL TERM
Topical term or geographic name entry element Board books.
650 #0 - SUBJECT ADDED ENTRY--TOPICAL TERM
Topical term or geographic name entry element Toy and movable books
Form subdivision Specimens.
650 #1 - SUBJECT ADDED ENTRY--TOPICAL TERM
Topical term or geographic name entry element Stories in rhyme.
650 #1 - SUBJECT ADDED ENTRY--TOPICAL TERM
Topical term or geographic name entry element Fairy tales.
650 #1 - SUBJECT ADDED ENTRY--TOPICAL TERM
Topical term or geographic name entry element Folklore
Geographic subdivision Germany.
650 #1 - SUBJECT ADDED ENTRY--TOPICAL TERM
Topical term or geographic name entry element Toy and movable books.
650 #1 - SUBJECT ADDED ENTRY--TOPICAL TERM
Topical term or geographic name entry element Board books.
650 #7 - SUBJECT ADDED ENTRY--TOPICAL TERM
Topical term or geographic name entry element JUVENILE FICTION / Classics.
Source of heading or term bisacsh
650 #7 - SUBJECT ADDED ENTRY--TOPICAL TERM
Topical term or geographic name entry element JUVENILE FICTION / Fairy Tales & Folklore.
Source of heading or term bisacsh
650 #7 - SUBJECT ADDED ENTRY--TOPICAL TERM
Topical term or geographic name entry element JUVENILE FICTION / Interactive Adventures.
Source of heading or term bisacsh
700 1# - ADDED ENTRY--PERSONAL NAME
Personal name Taylor, Dan
Relator term illustrator.
906 ## - LOCAL DATA ELEMENT F, LDF (RLIN)
a 7
b cbc
c copycat
d 2
e ncip
f 20
g y-gencatlg
942 ## - ADDED ENTRY ELEMENTS (KOHA)
Source of classification or shelving scheme Dewey Decimal Classification
Koha item type Books
Suppress in OPAC No
Holdings
Withdrawn status Lost status Source of classification or shelving scheme Damaged status Not for loan Collection Home library Current library Shelving location Date acquired Total Checkouts Full call number Barcode Date last seen Date last checked out Price effective from Koha item type
Withdrawn   Dewey Decimal Classification Damaged   Juvenile Fiction Footprints International School Library Network Toul Kork Campus Footprints International School Library Network Toul Kork Campus TK Primary Library Room(4th Floor), Bookcase 3&4, Shelves 17-32, Yellow Books 02/22/2024 1 TAY 398.2 PZ8.3 2024-0097 12/20/2024 09/13/2024 02/22/2024 Books